Files operations (Record no. 491656)

000 -LEADER
fixed length control field 00381cam a22001097a 4500
008 - FIXED-LENGTH DATA ELEMENTS--GENERAL INFORMATION
fixed length control field 180718b1964 xxu||||| |||| 00| 0 eng d
082 ## - DEWEY DECIMAL CLASSIFICATION NUMBER
Classification number I56x73 Un3t
245 ## - TITLE STATEMENT
Title Files operations
Statement of responsibility, etc. by National Archives and Records Service, United States
260 ## - PUBLICATION, DISTRIBUTION, ETC.
Place of publication, distribution, etc. Washington
Name of publisher, distributor, etc. National Archives and Records Service
Date of publication, distribution, etc. 1964
300 ## - PHYSICAL DESCRIPTION
Extent 76+p
700 ## - ADDED ENTRY--PERSONAL NAME
Personal name United States. National Archives and Records
Holdings
Withdrawn status Lost status Damaged status Not for loan Permanent Location Current Location Date acquired Full call number Barcode Date last seen Price effective from Koha item type
        Indian Institute of Public Administration Indian Institute of Public Administration 2018-08-04 I56x73 Un3t GG6483 2018-08-04 2018-08-04 GG

Powered by Koha